Motines indígenas en Chiapas, 1693 Y 1722 (Record no. 10336)

MARC details
000 -CABECERA
campo de control de longitud fija 01123nam a2200277 a 4500
001 - NÚMERO DE CONTROL
campo de control BRL_1527
005 - FECHA Y HORA DE LA ÚLTIMA TRANSACCIÓN
campo de control 20190320211240.0
008 - DATOS DE LONGITUD FIJA--INFORMACIÓN GENERAL
campo de control de longitud fija 170214s1979----mx-#######---#010-0#spa-#
041 ## - CÓDIGO DE LENGUA
Código de lengua del texto/banda sonora o título independiente spa
044 ## - CÓDIGO DEL PAÍS DE LA ENTIDAD EDITORA/PRODUCTORA
Código MARC del país mx
050 #4 - SIGNATURA TOPOGRÁFICA DE LA BIBLIOTECA DEL CONGRESO
Número de clasificación F1221
Número de documento/Ítem .C37 1979
100 1# - ENTRADA PRINCIPAL--NOMBRE DE PERSONA
Nombre de persona Castañón Gamboa, Fernando
Fechas asociadas al nombre 1903-1959
9 (RLIN) 27176
245 10 - MENCIÓN DE TÍTULO
Título Motines indígenas en Chiapas, 1693 Y 1722
Mención de responsabilidad, etc. Fernando Castañón Gamboa ; recopiladores Juan Jaime Manguen e Irma Montesinos.
260 ## - PUBLICACIÓN, DISTRIBUCIÓN, ETC.
Lugar de publicación, distribución, etc. San Cristobal de las Casas, Chiapas
Nombre del editor, distribuidor, etc. Editorial Fray Bartolomé de las Casas
Fecha de publicación, distribución, etc. 1979
300 ## - DESCRIPCIÓN FÍSICA
Extensión 24, 15 p.
Dimensiones 25 cm.
500 ## - NOTA GENERAL
Nota general Au1698
500 ## - NOTA GENERAL
Nota general Datos obtenidos del boletín No. 2 de documentos Históricos de Chiapas, Archivo Genral del Estado. Tuxtla Gutiérrez, Chiapas. 1953
650 14 - PUNTO DE ACCESO ADICIONAL DE MATERIA--TÉRMINO DE MATERIA
Término de materia o nombre geográfico como elemento de entrada Indígenas de México
Subdivisión general Relaciones gubernamentales
Subdivisión geográfica Chiapas
9 (RLIN) 27177
650 14 - PUNTO DE ACCESO ADICIONAL DE MATERIA--TÉRMINO DE MATERIA
Término de materia o nombre geográfico como elemento de entrada Rebeliones indígenas
Subdivisión geográfica Chiapas
9 (RLIN) 27178
650 14 - PUNTO DE ACCESO ADICIONAL DE MATERIA--TÉRMINO DE MATERIA
Término de materia o nombre geográfico como elemento de entrada Indígenas de México
Subdivisión general Insurrección
Subdivisión geográfica Chiapas
9 (RLIN) 27179
651 #4 - PUNTO DE ACCESO ADICIONAL DE MATERIA--NOMBRE GEOGRÁFICO
Nombre geográfico Chiapas
Subdivisión general Historia
9 (RLIN) 27180
700 1# - PUNTO DE ACCESO ADICIONAL--NOMBRE DE PERSONA
Nombre de persona Manguen, Juan Jaime
Término indicativo de función/relación comp.
9 (RLIN) 23145
700 1# - PUNTO DE ACCESO ADICIONAL--NOMBRE DE PERSONA
Nombre de persona Montesinos, Irma
Término indicativo de función/relación comp.
9 (RLIN) 23146
902 ## - CATALOGADOR
Iniciales GRL
942 ## - ELEMENTOS DE PUNTO DE ACCESO ADICIONAL (KOHA)
Fuente del sistema de clasificación o colocación Library of Congress Classification
Tipo de ítem Koha Libros
Holdings
Estado de retiro Estado de pérdida Estado dañado No para préstamo Localización permanente Ubicación/localización actual Fecha de adquisición Número de inventario Total de préstamos Signatura topográfica completa Código de barras Fecha visto por última vez Precio válido a partir de Tipo de ítem Koha
El ejemplar forma parte de la colección y puede ser consultado según las políticas vigentes.       Biblioteca Centro de Estudios Ruth D. Lechuga Biblioteca Centro de Estudios Ruth D. Lechuga 17/02/2014 Au1698   F1221 .C37 1979 (Au1698) GRL01686 22/03/2019 22/03/2019 Libros